000 01601nam0a22002771 4500
001 rc\4118898
005 20250611100401.0
021 _aRU
_b[55-23272]
035 _a(NLR Aleph) 008150983
090 _a7779016
_c7779016
100 _a20130415d1955 |||y0rusy50 ca
101 0 _arus
102 _aRU
105 _ay z |||||
200 1 _aТезисы докладов
_fВсесоюз. о-во по распространению полит. и науч. знаний. Ленингр. дом науч.-техн. пропаганды. Ленингр. ин-т гигиены труда и профзаболеваний. Ленингр. отд-ние Всесоюз. науч. инж.-техн. о-ва литейщиков. Всесоюз. науч.-исслед. ин-т охраны труда ВЦСПС г. Ленинграда. Науч.-техн. сессия "Оздоровление условий труда в литейных цехах"
210 _aЛенинград
_cБ. и.
_d1955
215 _a20 с.
_d21
606 _aЛитейные цехи
_xОхрана труда
_jТезисы докладов
_2psbo
606 _aЛитейные цехи
_xСанитария и гигиена
_jТезисы докладов
_2psbo
710 1 2 _a"Оздоровление условий труда в литейных цехах", научно-техническая сессия
_eЛенинград
_f1955
_9882125
_3RU\NLR\AUTH\880610274
801 0 _aRU
_bNLR
_gpsbo
801 1 _aRU
_bELAR
_2rusmarc
852 _aNLR
_jМд96 Г-4/2358
942 _cBOOK
980 _aNB